[Event "Gipuzkoako-ch U16"]
[Site "Errenteria"]
[Date "2007.12.02"]
[Round "6.1"]
[White "Etxagibel Larranaga, Asier"]
[Black "Bayrardar Bianco, Philippe"]
[Result "1-0"]
[WhiteElo "1760"]
[BlackElo "1687"]
[PlyCount "39"]
[EventDate "2007.10.21"]
[EventType "swiss"]
[EventRounds "6"]
[EventCountry "ESP"]
[SourceTitle "EXT 2024"]
[Source "ChessBase"]
[SourceDate "2023.10.10"]
[SourceVersion "1"]
[SourceVersionDate "2023.10.10"]
[SourceQuality "1"]

1. d4 Nf6 2. Bg5 d5 3. Nf3 Bf5 4. e3 e6 5. Be2 h6 6. Bh4 c5 7. 0-0 a6 8. c4 Bxb1 9. Rxb1 cxd4 10. exd4 Be7 11. Qb3 Qd7 12. Ne5 dxc4 13. Qxc4 Qd5 14. Qc8+ Bd8 15. Bf3 Qxd4 16. Bxb7 Qxe5 17. Bxa8 0-0 18. Bg3 Qb5 19. Qxb8 Bb6 20. Qb7 1-0

[Event "Gipuzkoako-ch U16"]
[Site "Errenteria"]
[Date "2007.10.28"]
[Round "2.1"]
[White "Sanchez Ruesga, Hector"]
[Black "Bayrardar Bianco, Philippe"]
[Result "1-0"]
[WhiteElo "1848"]
[BlackElo "1687"]
[PlyCount "43"]
[EventDate "2007.10.21"]
[EventType "swiss"]
[EventRounds "6"]
[EventCountry "ESP"]
[SourceTitle "EXT 2024"]
[Source "ChessBase"]
[SourceDate "2023.10.10"]
[SourceVersion "1"]
[SourceVersionDate "2023.10.10"]
[SourceQuality "1"]

1. d4 d6 2. e4 g6 3. g3 Bg7 4. Bg2 Nd7 5. f4 c5 6. c3 cxd4 7. cxd4 e5 8. Ne2 Qb6 9. b3 Ne7 10. Bb2 Nc6 11. d5 Ne7 12. Nd2 Qa6 13. Bf1 b5 14. Nc3 Rb8 15. Nxb5 0-0 16. a4 Rxb5 17. Bxb5 Qb6 18. Nc4 Qc7 19. Rc1 Nc5 20. Ba3 a6 21. Nxd6 Qa5+ 22. b4 1-0